Central Library OPAC University of Rajshahi

Business mathematics / (Record no. 15412)

MARC details
000 -LEADER
fixed length control field 00718nam a2200241 a 4500
001 - CONTROL NUMBER
control field 15412
003 - CONTROL NUMBER IDENTIFIER
rucl marc code BD-RjUL
005 - DATE AND TIME OF LATEST TRANSACTION
control field 20211208235817.0
008 - FIXED-LENGTH DATA ELEMENTS--GENERAL INFORMATION
fixed length control field 160904r20061980ii ||||| |||| 001 0 eng d
035 ## - SYSTEM CONTROL NUMBER
System control number (BD-RjUL)15466
040 ## - CATALOGING SOURCE
Original cataloging agency BD-RjUL
Language of cataloging eng
Transcribing agency BD-RjUL
Modifying agency BD-RjUL
041 ## - LANGUAGE CODE
Language code of text/sound track or separate title eng
082 ## - DEWEY DECIMAL CLASSIFICATION NUMBER
Classification number 650
Author mark and year ZAB 2006
Edition number 23
100 1# - MAIN ENTRY--PERSONAL NAME
Personal name Zameeruddin, Qazi .
9 (RLIN) 47875
245 10 - TITLE STATEMENT
Title Business mathematics /
Statement of responsibility, etc. Qazi Zameeruddin, V.K. Khanna, S.K. Bhambri.
260 ## - PUBLICATION, DISTRIBUTION, ETC. (IMPRINT)
Place of publication, distribution, etc. New Delhi :
Name of publisher, distributor, etc. Vikas publication house,
Date of publication, distribution, etc. 2006.
300 20 - PHYSICAL DESCRIPTION
Pagination xvi, 830 p. :
Illustrations ill. ;
Size 23 cm.
500 ## - GENERAL NOTE
General note Includes index.
650 #0 - SUBJECT ADDED ENTRY--TOPICAL TERM
Topical term or geographic name as entry element Business mathematics
9 (RLIN) 47876
700 ## - ADDED ENTRY--PERSONAL NAME
Personal name Khanna, V.K.
Personal name Bhambri,S.K.
942 ## - ADDED ENTRY ELEMENTS (KOHA)
Source of classification or shelving scheme Dewey Decimal Classification
Koha item type Books
Holdings
Lost status Source of classification or shelving scheme Damaged status Not for loan Collection code Permanent Location Current Location Shelving location Date acquired Source of acquisition Cost, normal purchase price Total Checkouts Full call number Date last seen Date checked out Copy number Koha item type Total Renewals
  Dewey Decimal Classification     Non-fiction Central Library, University of Rajshahi Central Library, University of Rajshahi   13/02/2008 paragon Enterprises Dhaka 200.00 5 650 ZAB 2006 13/02/2024 15/01/2024 C-2 Books  
  Dewey Decimal Classification     Non-fiction Central Library, University of Rajshahi Central Library, University of Rajshahi   26/09/2010 Paragon Enterprises Dhaka 350.00   650 ZAB 2006 04/09/2016   C-3 Books  
  Dewey Decimal Classification     Non-fiction Central Library, University of Rajshahi Central Library, University of Rajshahi   26/09/2010 Paragon Enterprises Dhaka 350.00   650 ZAB 2006 04/09/2016   C-4 Books  
  Dewey Decimal Classification     Non-fiction Central Library, University of Rajshahi Central Library, University of Rajshahi   05/02/2008 Dhaka,Paragon Enterprise Lit., 200.00   650 ZAB 2005 23/10/2016   C-5 Books  
  Dewey Decimal Classification   Not For Loan Non-fiction Central Library, University of Rajshahi Central Library, University of Rajshahi Reading Room 04/02/2008 Paragogn Enterprise, Dhaka 200.00   650 ZAB 2005 21/01/2017   C-1 Books  
  Dewey Decimal Classification     Non-fiction Central Library, University of Rajshahi Central Library, University of Rajshahi   26/07/1982 Alighor library, Rajshahi. 225.00 1 650 ZAB 1980 17/10/2019 12/09/2019 C-6 Books 1
  Dewey Decimal Classification     Non-fiction Central Library, University of Rajshahi Central Library, University of Rajshahi   29/06/1999 Aligorh Library, Dhaka 125.00   650 ZAB 1997 12/06/2017   C-7 Books  
  Dewey Decimal Classification     Non-fiction Central Library, University of Rajshahi Central Library, University of Rajshahi   29/06/1999 Aligarh Library Dhaka 125.00   650 ZAB 2006 09/02/2019   C-8 Books